Cuaderno deshojado /

保存先:
書誌詳細
第一著者: Guevara, Otoniel
フォーマット: 不明
言語:Spanish
出版事項: San Salvador: Mazatli, 2000
版:2. edición
主題:
タグ: タグ追加
タグなし, このレコードへの初めてのタグを付けませんか!

MARC

LEADER 000000000a22000000004500
001 001006
008 170621b es ||||| |||| 00| p spa d
041 0 |a español 
082 |a ES861.44  |b G939c2 
100 1 |a Guevara, Otoniel 
245 1 0 |a Cuaderno deshojado /  |c Otoniel Guevara 
250 |a 2. edición 
260 |a San Salvador:   |b Mazatli,   |c 2000 
300 |a 62 páginas 
500 |a Número de inscripción 14079 
650 1 4 |a LITERATURA SALVADOREÑA  |v POESÍA 
942 |2 ddc  |c BK 
999 |c 2133  |d 2133